| 000 | 00817nam a22002297a 4500 | ||
|---|---|---|---|
| 999 |
_c16757 _d16757 |
||
| 003 | AR-CdUCM | ||
| 008 | 190506b ||||| |||| 00| 0 spa d | ||
| 040 |
_aMUNICIPALIDAD PROVINCIAL DEL CUSCO _cBIBLIOTECA MUNICIPAL DEL CUSCO |
||
| 082 |
_a325.34 / _bP2 |
||
| 100 |
_aParry, John Horace _936391 |
||
| 245 |
_aEuropa y la expansión del mundo : _b1415-1715 / |
||
| 260 |
_aMéxico, D.F : _bFondo de Cultura Económica, _c1952. |
||
| 300 |
_a236 páginas ; _c17 cm. |
||
| 440 |
_aBrevarios del Fondo de Cultura Económica _n60 _936392 |
||
| 505 | _aContenido: Descubrimientos geográficos. | ||
| 650 |
_aDescubrimientos geográficos _914437 |
||
| 650 |
_aComercio _9322 |
||
| 650 |
_aEconomía _9382 |
||
| 700 |
_aFernández, María Teresa (traducción) _936393 |
||
| 942 |
_2ddc _cLIBROS |
||
| 945 |
_adavv _d06/05/2019 |
||